| 000 | 05984cam a22004214i 4500 | ||
|---|---|---|---|
| 003 | PE-LiUPU | ||
| 005 | 20250731183339.0 | ||
| 008 | 150518s2013 enka r 001 0 spa d | ||
| 020 |
_a9781409330745 _q(Arreglos florales) |
||
| 020 |
_a9781409330714 _q(Confección) |
||
| 020 |
_a9781409330691 _q(Ecomanualidades) |
||
| 020 |
_a9781409330677 _q(Papel) |
||
| 020 |
_a9781409330684 _q(Regalos únicos) |
||
| 020 |
_a9781409330776 _q(Libro de la navidad) |
||
| 035 | _a(Sirsi) i9781409330745 | ||
| 040 |
_aPE-LiUPU _bspa _cPE-LiUPU _erda |
||
| 049 | _aPRUA | ||
| 082 | 0 | 4 |
_a745.5 _bMFI |
| 100 |
_aKindersley, Dorling., _eeditor. _96193 |
||
| 245 | 0 | 0 |
_aManualidades fáciles internacionales : _bguía práctica paso a paso. |
| 264 | 1 |
_aLondres : _bDorling Kindersley (DK), _c2013. |
|
| 300 |
_a5 volúmenes : _bilustraciones ; _c28 cm. |
||
| 336 |
_atext _2rdacontent |
||
| 337 |
_aunmediated _2rdamedia |
||
| 338 |
_avolume _2rdacarrier |
||
| 490 | 0 | _aManualidades fáciles internacionales | |
| 504 | _aÍndice. | ||
| 505 | 0 |
_gArreglos florales -- _aPrincipios -- Menos es más -- Espacio -- Color -- Recipientes esenciales -- Recipientes para cada ocasión -- Las formas de las flores -- Tipos de follaje -- Equipo -- Elegir y preparar -- Mantenimiento -- Arreglo frontal en florero -- Ramo atado a mano -- Arreglo con espuma floral -- Flor para ojal con alambre -- Atar un ramo -- Envolver un ramo -- A lo largo del año -- Tulipanes en taza -- Cubo blanco -- Ramo primaveral -- Arreglos de boda -- Árbol de rosas -- Esfera de hortensias -- florero de girasoles -- Ramo fiesta -- Pecera naranja -- Dalias de fantasía -- Centro de mesa -- Arreglo exótico mixto -- Árbol de anémonas -- Ramo de amarilis -- Arreglos de boda blancos -- Mezcla exuberante -- Caja de flores exóticas -- Ramo verde -- Respaldo con orquídeas -- Gerberas en filas -- _gConfección -- _aÚtiles y técnicas -- Equipo de costura básico -- Útiles de corte -- Máquina de coser -- Máquina overlock -- Otros útiles -- Cortar -- Costura a mano -- Costura a máquina -- Pinzas -- Entretelas -- Vistas -- Bajos y dobladillos -- Mangas -- Reducir el grosor de la costura -- Cremalleras -- Ojales -- Prendas -- Pantalón de clásico estilo sastre -- Pantalón de pallazo clásico -- Blusa ceñida clásica -- Camisa clásica corte princesa -- Chaqueta estilo Chanel clásica -- Chaqueta clásica de cuello esmoquin -- Patrones -- Instrucciones -- Patrón pantalón 1 -- Patrón pantalón 2 -- Patrón blusa 1 -- Patrón blusa 2 -- Patrón Chaqueta 1 -- Patrón Chaqueta 2 -- _gEcomanualidades -- _aÚtiles y materiales -- Técnicas y proyectos -- Cestería -- Frutero de mimbre -- Alfombras de trapo -- Alfombra multicolor -- Materiales naturales -- Corona de hora perenne -- Flores prensadas -- Tarjeta de felicitación -- Reciclaje -- Marco mosaico -- Pintura de muebles -- Mesita de noche -- Hojalata -- Farolitos con latas -- Alambre -- Corazón de alambre -- Como hacer velas -- Velas de inmersión -- Velas tricolor -- Velas de miel -- Como hacer jabón -- Jabón de corazón -- Bombas aromáticas -- Tapicería -- Asiento almohadillado -- Plantillas -- _gPapel -- _aÚtiles y materiales -- Técnicas y proyectos -- Papel reciclado -- Papel con pétalos -- Papel marmolado -- Cubiertas marmoladas -- Papel maché -- Cuenco de papel maché -- Piñata-búho -- Álbum de recortes -- página de un álbum -- Grabado al linóleo -- Artículos de papelería -- Adornos de papel -- Pompones de papel -- Servilletas plegadas -- Agitador de bebidas -- Corazón de papel -- Cometa-mariposa -- Animales de origami -- Découpage -- Caja de recuerdos -- Troquelado -- Pantalla troquelada -- Lámpara de papel -- Filigrana de papel -- Cuadro de filigrana -- Tarjetas y postales -- Tarjeta desplegable -- Tarjeta con hojas secas -- Felicitación navideña -- Tarjeta en 3D -- Invitaciones de papel -- Cajas de cartón -- Cajita de regalo -- Cajas decoradas -- Serigrafía -- Postales serigrafiadas -- Plantillas -- _gRegalos únicos -- _aÚtiles y materiales -- Técnicas y proyectos -- Cuentas y abalorios -- Collar de perlas -- Insectos de cuentas -- Pulseras de la amistad -- Alambre de plata -- Portarretrato -- Diadema radiante -- Esmalte en frío -- Pulsera de camafeos -- Tejido de abalorios -- Arcilla polimérica -- Cuentas millefiori -- Arcilla de secado al aire -- Colgante de arcilla -- Arcilla metálica -- Broche de pájaro -- Dije de arcilla metálica -- Falso vitral -- Florero con falso vitral -- Pintura sobre vidrio -- Lamparilla -- Pintura sobre porcelana -- Cuenco-fruta -- Jarrón pintado -- Pintura sobre azulejos -- Juego de posavasos -- Mosaico: el método directo -- Mosaico: el método indirecto -- Plato con mosaico -- Macetas -- Salvamanteles -- _gEl libro de la navidad -- _aAdornos -- Guirnalda d fieltro -- Popurrís naturales -- Haces de canela -- Ángel con túnica -- Colgante de cítricos -- Pajaritos de fieltro -- Corazones perfumados -- Cucuruchos de dulces -- Centro de mesa natural -- Mantelitos vintage -- Regalos -- Calendario de adviento (I) -- Cestitas de fieltro -- Tarjetas de papel reciclado -- Bolsitas de té de hierbas -- Bálsamo labial -- Caja de tela vintage -- Aceite de baño aromático -- Calendario de adviento (II) -- Pantuflas de lana -- Envolturas recicladas -- Portavelas de cristal -- Recetas -- Pan de nueces -- Stollen -- Focaccia -- Mini panettone -- Animalitos de pan -- Puesto de mesa comestible -- Pastitas de vainilla -- Brownies -- Galletas de mantequilla -- Tarta sacher -- Bocaditos de chocolate -- Bocaditos de turrón -- Malvaviscos -- Galletitas glaseadas -- Bebidas navideñas -- Plantillas. |
|
| 526 | _aP158 | ||
| 526 | _aP146 | ||
| 526 | _aP17 | ||
| 526 | _aP12 | ||
| 526 | _aP06 | ||
| 650 | 1 | 7 |
_aDecoración floral _2embne |
| 942 |
_2ddc _cBK |
||
| 999 |
_c6677 _d6677 |
||
| 980 |
_81 _gALBERTO SANCHEZ Responsable de Automatización |
||